000 00279nam a2200133Ia 4500
100 _aRajput/ R.K.
942 _cBK
654 _athermal
245 _aThermal Engineering
260 _bLaxmi publications
_c2001
082 _a621.402
_bRAJ
300 _a1467
546 _aENGLISH
999 _c34319
_d34319